000 00401nam a2200145Ia 4500
008 230917s9999||||xx |||||||||||||| ||und||
040 _e103097
_aMAIN
041 _aEnglish
082 _a658.5 H196I
100 _aHanna, Mark D
245 0 _aIntegrated operated management; adding value for customers
260 _aNew Delhi
_bPrentice Hall o0f india
_c2001
300 _axvii,753p p.
942 _cBK
999 _c118929
_d118929